00766 a2200181 45000010006000000050017000060080041000230030015000640400040000790800119001192450032002382640029002703000017002995050207003160410008005231000026005317000027005574321320260407155716.0260407a1970 arg spa dAR-UNSa-BCEJYS aAR-UNSa-BCEJYSbspacAR-UNSa-BCEJYS a911xGeografía general. Ciencia de los factores geográficos (geografía sistemática). Geografía teórica10aGeografía ilustrada Labor 1aBarcelona :bLaborc1970 a5 v.c33 cm. aVol. 1: Sociedad. Economía - Vol. 2: Paisaje humanizado. Organización del territorio y del estado - Vol. 3: Europa y Asia - Vol. 4: Africa. América. Oceanía. Tierras Polares - Vol. 5: Apéndice aspa1 aCapel Sáez, Horacio1 aVilá Valentí, Juan